000
00728nam a22001697a 4500
020
_a
8131706168
082
_a
070.4
100
_a
Alfred Lowrence Lorenz
245
_a
News writing and reporting
250
_a
low price edition
260
_a
New delhi
_b
Pearson
_c
1996.
300
_a
640p
942
_c
BK
999
_c
2683
_d
2683